00662nam a2200193Ia 4500952012800000999001700128003000400145005001700149008004100166020001500207040001800222082001800240100003000258245007500288260004400363300000900407650001000416942004200426 00102ddc40708LITaMESbMEScHINd2019-02-20g400.00l0o891.43 TAL/Kp34150r2019-02-20 00:00:00w2019-02-20yBKzGR6R4 c16624d16624OSt20200606115949.0190216s9999||||xx |||||||||||||| ||und|| a8190315836 cMESKC library a891.43bTAL/K aThalwar, Veer Bharat9434 0aKisan Rashtriya Aandolan Aur Premchand: 1918-22 /cVeer Bharat Thalwar bJanith Publications,c2008.aNew Delhi: a303p aHindi cBK2ddch891.43iTAL/Kk891.43mTAL/K